000 00427nam a2200157Ia 4500
008 090124s9999 xx 000 0 und d
082 _b28819
245 _a पथ-प्रदीप
250 _a0
260 _bजीवन जागृती केंद्र
300 _a176
630 _a पथ-प्रदीप
700 _aयोग शिरीष
730 _a पथ-प्रदीप
942 _cBOOK
999 _c94574
_d94574